Dictionary of environmental science and technology / (Record no. 542021)
[ view plain ]
| 000 -LEADER | |
|---|---|
| fixed length control field | 00616pam a2200169 a 4500 |
| 020 ## - INTERNATIONAL STANDARD BOOK NUMBER | |
| International Standard Book Number | 0335092306 (pbk.) |
| 020 ## - INTERNATIONAL STANDARD BOOK NUMBER | |
| International Standard Book Number | 0335092314 |
| 082 00 - DEWEY DECIMAL CLASSIFICATION NUMBER | |
| Classification number | 628/.03 |
| Author Mark | POR |
| -- | MCE, L-1, p-78 |
| 100 1# - MAIN ENTRY--PERSONAL NAME | |
| Personal name | Porteous, Andrew. |
| 9 (RLIN) | 6092 |
| 245 10 - TITLE STATEMENT | |
| Title | Dictionary of environmental science and technology / |
| Statement of responsibility, etc. | Andrew Porteous. |
| 260 ## - PUBLICATION, DISTRIBUTION, ETC. | |
| Place of publication, distribution, etc. | Milton Keynes [England] ; |
| -- | Philadelphia : |
| Name of publisher, distributor, etc. | Open University Press, |
| Date of publication, distribution, etc. | 1991. |
| 300 ## - PHYSICAL DESCRIPTION | |
| Extent | xii, 399 p. : |
| Other physical details | ill. ; |
| Dimensions | 21 cm. |
| 526 ## - STUDY PROGRAM INFORMATION NOTE | |
| Program name | 0 |
| Interest level | 0 |
| Reading level | 0 |
| Title point value | 628_030000000000000_POR |
| 650 #0 - SUBJECT ADDED ENTRY--TOPICAL TERM | |
| Topical term or geographic name entry element | Environmental sciences |
| General subdivision | Dictionaries. |
| 9 (RLIN) | 6093 |
| 650 #0 - SUBJECT ADDED ENTRY--TOPICAL TERM | |
| Topical term or geographic name entry element | Sanitary engineering |
| General subdivision | Dictionaries. |
| 9 (RLIN) | 6094 |
| 942 ## - ADDED ENTRY ELEMENTS (KOHA) | |
| Source of classification or shelving scheme | |
| Koha item type | Book |
| Withdrawn status | Lost status | Source of classification or shelving scheme | Damaged status | Not for loan | Permanent Location | Current Location | Date acquired | Total Checkouts | Full call number | Barcode | Date last seen | Copy number | Price effective from | Koha item type |
|---|---|---|---|---|---|---|---|---|---|---|---|---|---|---|
| Military College of Engineering (MCE) | Military College of Engineering (MCE) | 09/18/2013 | 628/.03 POR | MCE-29017 | 09/18/2013 | 1 | 09/18/2013 | Book |
